| 000 | 00576nam a22001697a 4500 | ||
|---|---|---|---|
| 003 | AUA.1 | ||
| 005 | 20251015095704.0 | ||
| 008 | 250701b |||||||| |||| 00| 0 eng d | ||
| 040 | _cJTL | ||
| 100 | _aUwamahoro, Modeste | ||
| 245 |
_aFactors affecting student character development at Gahogo Adventist Academy / _cModeste Uwamahoro. |
||
| 260 | _cc2024. | ||
| 300 |
_aviii, 75 leaves : _bIllustrations : _c30cm. |
||
| 650 |
_aCharacter _vReligious aspects _xChristianity |
||
| 650 | _aGahogo Adventist Academy, Rwanda | ||
| 942 |
_2aua _cPROJECT _hMChap _i.U93 2024 |
||
| 999 |
_c25137 _d25137 |
||